Dzień w historii Polski - styczeń - Statystyki

Ogólne statystyki
  • Ten quiz został rozwiązany 40 razy
  • Średni wynik to 12 z 31
Statystyki odpowiedzi
Data Rok Wskazówka Odpowiedź % Poprawnych
3 sty 1944 Oddziały tej armii przekroczyły przedwojenną, wschodnią granicę II RP Armia {Czerwona}
92%
13 sty 1455 Ten chrześcijański zakon dokonał nieudanego ataku na Gdańsk Zakon krzyżacki
89%
11 sty 2015 Odbył się finał tej fundacji Wielka Orkiestra Świątecznej Pomocy
82%
22 sty 1863 Wybuchło to anty-rosyjskie powstanie styczniowe
79%
18 sty 2008 Ten prezydent dokonuje otwarcia przebudowanej linii kolejowej na Kasprowym Wierchu Lech Kaczyński
76%
9 sty 1966 Władze PRL odmówiły wydania paszportu Stefanowi Wyszyńskiemu na wyjazd do Watykanu na obchody milenium tego wydarzenia Chrzest Polski
68%
23 sty 1953 Ten polski telewizyjny nadawca publiczny rozpoczął regularne nadawanie programu Telewizja Polska
68%
17 sty 1734 Ten elektor Saksonii zostaje koronowany na króla Polski August III Sas
53%
10 sty 1569 Na zamku w tym mieście rozpoczęły się obrady sejmu poprzedzające zawarcie unii polsko-litewskiej Lublin
53%
4 sty 1503 Ten król nadał prawa miejskie Wysokiemu Mazowieckiemu Aleksander Jagiellończyk
50%
15 sty 1582 Zawarto rozejm polsko-rosyjski, który zakończył wojnę o tą historyczną krainę geograficzną Inflanty
50%
8 sty 1919 Naczelna Rada Ludowa objęła władze na terenach odbitych Niemcom podczas tego powstania wielkopolskie
50%
14 sty 1875 Ten polski pisarz bierze ślub z Oktawią Trembińską Bolesław Prus
45%
24 sty 1507 Ten wielki książę litewski zostaje koronowany na króla Polski Zygmunt I Stary
37%
26 sty 1521 Chrześcijański zakon nieskutecznie zaatakował Olsztyn, którego obronę przygotował ten polski naukowiec Mikołaj Kopernik
32%
1 sty 1967 Ten polski park narodowy został utworzony Słowiński
32%
21 sty 2000 Ten park narodowy został wpisany na listę rezerwatów biosfery UNESCO Kampinoski
29%
28 sty 1708 Podczas tej wojny szwedzkie wojska zajęły Grodno III wojna północna
24%
27 sty 1921 Polska uznaje niepodległość tego państwa Łotwa
24%
31 sty 1259 W okolicach Krakowa doszło tego rodzaju klęski żywiołowej Trzęsienie ziemi
21%
12 sty 1950 Odnotowano rekordowo niską temperaturę na terenie tego miasta (–38,4 °C) Białystok
16%
5 sty 1173 Ten książe krakowski umiera Bolesław IV Kędzierzawy
16%
2 sty 1665 Ten człowiek został hetmanem polnym koronnym Stefan Czarniecki
13%
20 sty 1661 Jan II Kazimierz Waza założył tą szkołę wyższą Akademia Lwowska
11%
16 sty 2019 Uruchomiono tą inteligentną usługę w języku polskim Asystent Google
11%
7 sty 1520 Zygmunt I Stary wydał przywilej toruński wprowadzający jeden dzień ______ tygodniowo pańszczyzny
11%
6 sty 2005 Sejm Rzeczypospolitej powołuje ten organ władzy państwowej Rzecznik Praw Dziecka
8%
19 sty 1354 Kazimierz III Wielki nadał prawa miejskie temu miastu Rzeszów
8%
30 sty 1920 To miasto wróciło do Polski po okresie zaboru pruskiego Tczew
8%
29 sty 1831 Podczas powstania listopadowego sejm powołał ten organ władzy, który sprawował najwyższą władze wykonawczą w Królestwie Polskim Rząd Narodowy
5%
25 sty 1807 Wojska francuskie wygrywają w tej bitwie podczas IV koalicji antyfrancuskiej Bitwa pod {Morągiem}
3%
Nie znaleziono quizów pasujących do podanych kryteriów
Rozkład punktacji
Procent ludzi z każdym wynikiem
Percentyl według liczby udzielonych odpowiedzi
Twoja historia wyników
Nie rozwiązałeś tego quizu